00501nam a2200193 a 4500001001300000003000900013005001700022008004100039020001000080082001300090100001300103245003100116260004800147300000800195500003500203505002800238650002800266700001300294nice12345678IN_TiNIC20260116011424.0050524s1924 laha grp 000 0 urd  ac10000a244bTAK aTakle, J aAl-Tariqat, the Inward Way aLahorebPunjab Religious Booksociety c1924 a94p aincludes index and biblioraphy2 aHand Written Manuscript aChristianity-Miscellany1 aTakle, J